Największe miasta w Polsce na literę C - Statystyki

Ogólne statystyki
  • Ten quiz został rozwiązany 10 365 razy
  • Średni wynik to 5 z 10
Statystyki odpowiedzi
Rank. Liczba mieszańców Województwo Miasto % Poprawnych
1. 220.433 śląskie Częstochowa
91%
2. 107.807 śląskie Chorzów
69%
3. 61.932 lubelskie Chełm
62%
4. 44.138 mazowieckie Ciechanów
56%
8. 34.424 śląskie Cieszyn
56%
5. 39.804 pomorskie Chojnice
37%
6. 36.575 małopolskie Chrzanów
31%
9. 31.405 śląskie Czeladź
28%
7. 35.925 śląskie Czechowice-Dziedzice
27%
10. 28.134 śląskie Czerwionka-Leszczyny
9%
Nie znaleziono quizów pasujących do podanych kryteriów
Rozkład punktacji
Procent ludzi z każdym wynikiem
Percentyl według liczby udzielonych odpowiedzi
Twoja historia wyników
Nie rozwiązałeś tego quizu